Marketing ethics : an international perspective. /
Fundamentals of marketing ethics. Ethics in international marketing practice - cases. Readings in international marketing ethics. Business ethics resources.
Kaydedildi:
| Yazar: | |
|---|---|
| Materyal Türü: | Kitap |
| Dil: | English |
| Baskı/Yayın Bilgisi: |
London ; Boston :
International Thomson Business Press,
1998.
|
| Konular: | |
| Etiketler: |
Etiketle
Etiket eklenmemiş, İlk siz ekleyin!
|
| Thư viện lưu trữ: | Mạng thư viện Đại học Đà Nẵng |
|---|
| LEADER | 01110cam a2200361 i 4500 | ||
|---|---|---|---|
| 001 | 000049409 | ||
| 003 | 9154 | ||
| 005 | 20030304160031.0 | ||
| 008 | 010323|1998 vm 000 eng | ||
| 020 | |a 186152191X | ||
| 040 | |a IRC |c IRC |d IRC | ||
| 041 | 0 | |a eng | |
| 082 | 1 | 4 | |a 174.4 |b SC-B |
| 100 | 1 | |a Schlegelmilch, Bodo B. | |
| 245 | 0 | 0 | |a Marketing ethics : |b an international perspective. / |c Bodo B. Schlegelmilch. |
| 260 | |a London ; Boston : |b International Thomson Business Press, |c 1998. | ||
| 300 | |a 468 p. ; |c 23.5cm. | ||
| 520 | 3 | |a Fundamentals of marketing ethics. Ethics in international marketing practice - cases. Readings in international marketing ethics. Business ethics resources. | |
| 630 | 0 | 4 | |a Marketing. |
| 630 | 0 | 4 | |a Business ethics. |
| 630 | 0 | 4 | |a Moral. |
| 650 | 0 | 4 | |a Business ethics. |
| 650 | 0 | 4 | |a Marketing |x Moral and ethical aspects. |
| OWN | |a DUT | ||
| 999 | |a From the UDN01 | ||
| TYP | |a Monograph | ||
| TYP | |a Printed language | ||
| 980 | |a Mạng thư viện Đại học Đà Nẵng | ||


